00887nam a2200205 u 450000100100000000500170001000800410002704000250006808200150009310000380010824501050014625000110025126000850026230000200034749000680036770000400043583000760047595201130055199900170066400002895220240316073901.0100812s2003 dr r 000 0 spa d aDO-SdBNPbspacBNPHU axxxbH557p1 aHernández Flores, Ismael92329913aEl proyecto de constitución de Duarte /cIsmael Hernández Flores; editor Tomás Castro Burdiez. a2a ed. a[Santo Domingo ] :bFundación para la Educación y el Arte (EDUCARTE),c2003. a24 p. ;c23 cm.1 aCuadernos Educativos y Culturalesvno. 1aIndependecia nacional aCastro, Tomás,d1959-eed.924641 0aCuadernos Educativos y Culturalesvno. 1pIndependencia nacional955895 0010718PDaPDbPDcCTd2011-04-12iLF1l0oxxx H557pp28952-10r2020-06-25w2020-06-25yLFPDZNo se presta c28444d28444